| 000 | 00338nam a2200133Ia 4500 | ||
|---|---|---|---|
| 008 | 220204s9999 xx 000 0 und d | ||
| 082 |
_a547 _bFIN.1 |
||
| 100 | _aFinar, I L | ||
| 245 | 0 | _aOrganic chemistry. V 1. The fundamental principles | |
| 250 | _aEd.3 | ||
| 260 |
_aLondon _bELBS _c1959 |
||
| 650 | _aOrganic chemsitry | ||
| 942 | _cBK | ||
| 999 |
_c19693 _d19693 |
||